000 00395nam a2200157Ia 4500
008 231217s9999 xx 000 0 und d
041 _aEnglish
082 _a001.64404 BAS
100 _aBasandra, Suresh K
245 0 _aLocal area networks
250 _a2nd ed.
260 _c1994
_bGalgotia
300 _axliv+692
650 _aElectronic mail Office automation Ethernet
942 _cAA
999 _c164011
_d164011